000 00469nam a22001817a 4500
003 CEME
005 20210628203035.0
008 210120b xxu||||| |||| 00| 0 eng d
020 _a81-85589-29-1
040 _c.
082 _a620.5 KUL
100 _aKulkarni, Sulabha.K
_962985
245 _aNanotechnology, principles and practices
260 _aNEW DELHI
_bCAPTICAL PUBLISHING
_c2007
300 _aXV,286P
650 _aNANOTECHNOLOGY.
_92826
942 _cBK
_2ddc
999 _c571933
_d571933